Elenca la formazione - Quiz n°57 - Statistics

Statistiche generali
  • Questo quiz è stato fatto 53 volte
  • Il punteggio medio è 6 su 11
Statistiche sulle risposte
Ruolo Nazione Calciatore % Corretto
Attaccante Paesi Bassi Robin van Persie
90%
Portiere Polonia Wojciech Szczęsny
87%
Difensore Francia Laurent Koscielny
72%
Difensore Francia Bacary Sagna
69%
Ala Repubblica Ceca Tomáš Rosický
64%
Centrocampista Camerun Alexandre Song
49%
Trequartista Francia Samir Nasri
46%
Ala Russia Andrej Aršavin
36%
Centrocampista Inghilterra Jack Wilshere
33%
Difensore Svizzera Johan Djourou
23%
Difensore Francia Gaël Clichy
8%
Nessun quiz corrispondente trovato
Distribuzione punteggi
Percentuale di utenti per punteggio
Percentile per numero di risposta
I tuoi punteggi nel tempo
Non hai fatto questo quiz